| 000 | 00580nam a2200145 a 4500 | ||
|---|---|---|---|
| 008 | 130927s1969 ||||||||||||||||| || u | ||
| 050 | _aRJ 45 ARC | ||
| 100 | _aRobinson Roger | ||
| 245 | 1 | 0 |
_aArchives of diseases in childhood: v. 44, 1969. _cedited by Douglas Gairdner and Roger Robinson |
| 260 |
_aLondon: _c1969 |
||
| 300 | _a799p.: ill. | ||
| 650 | _aCHILDREN--DISEASE | ||
| 700 | _aGairdner, Douglas | ||
| 995 |
_aMEDICAL LIBRARY OPEN ACCESS _e902346 _FCBU-SCHOOL OF MEDICINE LIBRARY (Ndola) _jRJ 45 ARC _M1 _UAVAILABLE _WNov 6, 2013 _y902346 _ZMedical Library Open Access Collection |
||
| 999 |
_c30778 _d30778 |
||